000 00705nam a2200253Ia 4500
003 OSt
005 20220926021022.0
006 a|||||r|||| 00| 0
007 ta
008 220923b |||||||| |||| 00| 0 eng d
020 _a0887066097
037 _cGeneral Book
040 _aRTL
_cRTL
_beng
041 _2eng
_aeng
082 _aQ7y7H32, M8
100 _aBalli Fuad
_9325617
245 0 _aSociety state and urbanism
_bIBN Khaldun's sociology
260 _aNew York
_bState University of New Press
_c1988
300 _axi,175p
_ccm.
500 _aBibliography P 157-67
650 _aIslam
_9577
942 _hQ7y7H32, M8
_cGB
_2CC
999 _c635508
_d635508